Recuerdos de medio siglo: Don José Victorino Lastarria

Salvato in:
Dettagli Bibliografici
Autore principale: Donoso Novoa, Armando (Autore)
Natura: Libro
Lingua:spagnolo
Pubblicazione: Santiago Zig Zag, teatinos, 666 1917
Edizione:1a. ed
Soggetti:
Tags: Aggiungi Tag
Nessun Tag, puoi essere il primo ad aggiungerne!!

MARC

LEADER 00000nam a2200000 a 4500
001 UCJ4664
003 CL-VaPUC
005 20230808091232.0
008 070124e19170000CL |||||||||||||||||spa|d
999 |c 320780  |d 320778 
040 |c Pontificia Universidad Católica de Valparaíso 
082 0 4 |a 928  |b DON  |2 21 
100 0 |a Donoso Novoa, Armando  |e author  |9 508777 
245 1 0 |a Recuerdos de medio siglo: Don José Victorino Lastarria 
250 |a 1a. ed 
260 |a Santiago  |b Zig Zag, teatinos, 666  |c 1917 
300 |a 32 p 
500 |a Front., Retrato del historiador; numerosas fotografías de Don José Victorino Lastarria y miembros de su familia, como así mismo, copias facsimilares de escritos suyos  
583 |a last modification  |c 20070124 00:00:00  |k Rodrigo Vera 
600 0 |a Bilbao, Francisco,   |d 1823-1865   |9 315180 
600 0 7 |a LASTARRIA, FRANCISCO  |2 CL-VaPUC  |9 508778 
600 0 |a Lastarria, José Victorino  |d 1817-1888  |9 860079 
650 7 |a FACSIMILES  |9 460925 
650 7 |a BIOGRAFIA  |9 504622 
650 0 |a Historiografía   |9 257871 
650 0 |a Iconografía   |9 267998 
852 |a BIBCUR 
942 |c BK  |2 ddc 
945 |d 20070124 00:00:00  |a rinostro 
952 |0 0  |1 0  |4 0  |6 928_000000000000000_DON_1917  |7 0  |8 X  |9 399377  |a FDOBUD  |b FDOBUD  |d 2019-11-22  |i 1022849  |o 928 DON 1917  |p 1022849  |r 2019-11-22  |w 2019-11-22  |y BK_X  |k BUD